Principy budování image na příkladu firmy Volkswagen
Podstatné predpoklady úspešného image. Princípy a budovania image na príklade firmy Volkswagen, a.s. Osvedčený image a koncepcia automobilu Golf a ďalšie varianty modelu. Zhrnutie faktorov úspešnosti koncepcie.
Saved in:
| Format: | Book Chapter |
|---|---|
| Language: | Czech |
| Subjects: | |
| Tags: |
No Tags, Be the first to tag this record!
|
MARC
| LEADER | 00000naa a2200000 4500 | ||
|---|---|---|---|
| 001 | r040202 | ||
| 005 | 20230607101927.5 | ||
| 041 | 0 | |a cze | |
| 044 | |a CZ | ||
| 245 | 1 | 0 | |a Principy budování image na příkladu firmy Volkswagen |
| 520 | |a Podstatné predpoklady úspešného image. Princípy a budovania image na príklade firmy Volkswagen, a.s. Osvedčený image a koncepcia automobilu Golf a ďalšie varianty modelu. Zhrnutie faktorov úspešnosti koncepcie. | ||
| 610 | 2 | 0 | |a imidž |
| 610 | 2 | 0 | |a koncepcie |
| 610 | 2 | 0 | |a stratégia marketingová |
| 610 | 2 | 0 | |a firmy |
| 610 | 2 | 0 | |a Volkswagen, a.s. |
| 610 | 2 | 0 | |a automobily |
| 610 | 2 | 0 | |a komunikácia |
| 610 | 2 | 0 | |a politika podniková |